| 000 | 00566nam a2200169 a 4500 | ||
|---|---|---|---|
| 008 | 120416s1982 ||||||||||||||||| || u | ||
| 020 | _a0534085865 | ||
| 050 | _aHM 134 Gro | ||
| 100 | _aCorey, Gerald | ||
| 245 | 1 | 0 | _aGroup techniques |
| 250 | _arev. ed. | ||
| 260 |
_aPacific Grove, Cal. _bBrooks/Cole Publishing Co _c1982 |
||
| 300 | _axvi, 181p. | ||
| 350 | _a0.00 | ||
| 650 | _aGroup relations training | ||
| 995 |
_D0.00 _FCBU-MAIN LIBRARY (Kitwe) _H1 _I15.50 _UAVAILABLE _ZAnnex Low-Usage Collection |
||
| 999 |
_c44985 _d44985 |
||